Pokolenie /

Gardado en:
Detalles Bibliográficos
Autor Principal: Czeszko, Bohdan (1923-1988)
Autor Corporativo: Czytelnik
Formato: Libro
Idioma:polaco
Publicado: Warszawa : "Czytelnik", 1979.
Edición:[Wyd. 17].
Tags: Engadir etiqueta
Sen Etiquetas, Sexa o primeiro en etiquetar este rexistro!

MARC

LEADER 00000nam a2200000 i 4500
001 991015061739705066
005 20260515140227.0
008 001107s1979 pl |000 f pol
020 |a 8307000874 
035 |a 991015061739705066 
035 |a (PL-WaBN)b14046179-48omnis_nlop 
035 |a b14046179 
035 |a (OCoLC)750882654 
035 |a xx001934712 
035 |a (PL)b0000001404617 
035 |a (EXLNZ-48OMNIS_NETWORK)9910071428105606 
040 |a WA N  |c WA N 
041 0 |a pol 
080 |a 884-3 
090 |c 99  |d 98 
100 1 |a Czeszko, Bohdan  |d (1923-1988) 
245 1 0 |a Pokolenie /  |c Bohdan Czeszko. 
250 |a [Wyd. 17]. 
260 |a Warszawa :  |b "Czytelnik",  |c 1979. 
300 |a 236, [3] s. ;  |c 18 cm. 
710 2 |a Czytelnik 
920 |a 83-07-00087-4 : zł 25 
942 |c K 
952 |0 0  |1 0  |4 0  |6 R__97_000000000000000  |7 0  |9 96  |a RYT  |b RYT  |d 2026-05-13  |e 1/2014  |g 10.00  |l 0  |o R.97  |p 2000000000978  |r 2026-05-15 14:02:27  |w 2026-05-15  |y BK  |z da 
999 |c 96  |d 96